01271nam a2200253 a 450000100100000000500170001000800410002702000150006804000250008308200240010811000600013224501610019224601190035326000960047230000330056865000270060165000350062865000390066391000390070204900090074195201220075095201280087299900170100000002081520250401130908.0100818s2005 xxud 000 0 spa d a8484762580 aDO-SdBNPbspacBNPHU a303.44bP964i, 20052 aPrograma de las Naciones Unidas para el Desarrollo918710aInforme sobre desarrollo humano 2005 :bla cooperacion internacional ante una encrucijada: ayuda al desarrollo, comercio y seguridad en un mundo desigual /.23aLa cooperacion internacional ante una encrucijada:bayuda al desarrollo, comercio y seguridad en un mundo desigual aNew York :bPrograma de las Naciones Unidas para el Desarrollo:bGrupo Mundi-Prensa,c2005. axvi, 402 p. :bil. ;c28 cm. 4aDesarrollo humano9213 0aComercio internacional 910367 0aCooperación internacional 91240 aValidado. Control de calidad BNPHU aBNPD 001050718MOaGRbGRcHDd2010-08-18iLF1l0o303.44 P964i, 2005p20815-10r2020-06-25w2020-06-25y1ZNo se presta 001050718MOaGRbGRcHDd2010-08-18iLF1l0o303.44 P964i, 2005p20815-20r2020-06-25te. 2w2020-06-25y1ZNo se presta c20319d20319